| 000 | 00510nam a22001697a 4500 | ||
|---|---|---|---|
| 008 | 230515b |||||||| |||| 00| 0 eng d | ||
| 020 | _a0-306-10875-5 | ||
| 040 |
_aNational Science Library _cNational Science Library |
||
| 080 |
_a551.4:911.5 _bL3 |
||
| 245 |
_aLandscape indicators: _bNew techniques in geology and geography |
||
| 260 |
_aNew York: _bConsultants Bureau, _c1973 |
||
| 300 | _ax, 165p. | ||
| 650 | _aGeography | ||
| 653 | _aLandscape | ||
| 700 | _aChikishev, A G (Ed.) | ||
| 942 |
_2udc _cBK |
||
| 999 |
_c29914 _d29914 |
||